| 000 | 01144nam a22002537a 4500 | ||
|---|---|---|---|
| 005 | 20170124103111.0 | ||
| 010 | _aB-104764 | ||
| 020 |
_c200.00 _a8188139254 |
||
| 035 | _aB-104764 | ||
| 037 | _bCen Lib/Ret | ||
| 040 |
_aDPL _bHN |
||
| 082 |
_a382.92 _bवासुदे |
||
| 100 |
_aवासुदेव, पी.के. _979873 |
||
| 245 |
_aविश्व व्यापार संगठन / _cपी.के.वासुदेव |
||
| 246 |
_aVishv vyapar sangathan / _bby P.K.Vasudev |
||
| 260 |
_aदिल्ली _bज्ञान गंगा _c2002 |
||
| 270 |
_bदिल्ली _a205-सी, चावड़ी बाजार _e110006 |
||
| 300 |
_a192पृ. _c20सेमी(सजिल्द) |
||
| 650 |
_aविश्व व्यापार संगठन -- संरचना एवं कार्य _979874 |
||
| 650 |
_aविश्व व्यापार संगठन -- वैधानिक मूल पाठ _979875 |
||
| 650 |
_aWTO - Structure and Function _979876 |
||
| 650 |
_aWTO - legislative text _979877 |
||
| 942 |
_2ddc _cHN _h382.92 _mवासुदे |
||
| 999 |
_c118386 _d118386 |
||